| 000 | 00765nmc a2200289 a 4500 | ||
|---|---|---|---|
| 003 | AR-BaBNM | ||
| 005 | 20251128203241.0 | ||
| 008 | 011101s1977 ||||||||||||||000 | spa|| | ||
| 020 | _a950-503-095-9 | ||
| 040 | _cAR-BaBNM | ||
| 100 | 1 | _aKovacci, Ofelia | |
| 245 | 1 | 0 | _aTendencias actuales de la gramática |
| 250 | _a3ª ed. | ||
| 260 |
_aBuenos Aires _bMarymar _c1977 |
||
| 300 | 0 |
_a249 p. _bil. |
|
| 490 | 0 | _aLa lingüística hoy | |
| 504 | _aContiene bibliografía en p. 227 | ||
| 650 | 4 | _aMODELOS LINGUISTICOS | |
| 650 | 4 | _aGRAMATICA ESTRUCTURAL | |
| 650 | 4 | _aGRAMATICA GENERATIVA | |
| 650 | 4 | _aMORFOLOGIA [LINGUISTICA] | |
| 650 | 4 | _aSINTAXIS | |
| 650 | 4 | _aSEMANTICA | |
| 800 | 1 |
_aKovacci, Ofelia _edirector |
|
| 942 | _cBK | ||
| 998 | _claura | ||
| 999 |
_c2573 _d2573 |
||